Państwa z największymi wzniesieniami - Statystyki

Ogólne statystyki
  • Ten quiz został rozwiązany 44 razy
  • Średni wynik to 23 z 30
Statystyki odpowiedzi
# Najwyższy szczyt Wysokość Państwo % Poprawnych
1 Mount Everest 8848 m Chiny
98%
30 Mont Blanc 4810 m Francja
95%
20 Elbrus 5642 m Rosja
95%
11 Ojos del salado 6893 m Chile
90%
1 Mount Everest 8848 m Nepal
90%
10 Aconcagua 6961 m Argentyna
88%
4 Kanczendzonga 8586 m Indie
88%
15 McKinley 6194 m Stany Zjednoczone
88%
3 K2 8611 m Pakistan
86%
12 Huascaran 6768 m Peru
86%
5 Gangkhar Puensum 7570 m Bhutan
81%
23 Kenia 5199 m Kenia
81%
16 Logan 5959 m Kanada
79%
9 Chan Tengri 7010 m Kazachstan
79%
19 Simon Bolivar i Cristobal Colon 5775 m Kolumbia
79%
25 Ararat 5137 m Turcja
79%
13 Sajama 6542 m Boliwia
76%
28 Pico Bolivar 4981 m Wenezuela
76%
7 Noszak 7492 m Afganistan
69%
29 Jaya 4884 m Indonezja
69%
21 Orizaba 5636 m Meksyk
69%
17 Kilimandżaro 5895 m Tanzania
67%
22 Demawend 5610 m Iran
64%
8 Szczyt Zwycięstwa 7439 m Kirgistan
64%
6 Szczyt Ismaila Samaniego 7495 m Tadżykistan
62%
14 Chimborazo 6267 m Ekwador
60%
24 Szchara 5193 m Gruzja
57%
26 Góra Stanleya 5109 m Uganda
48%
26 Góra Stanleya 5109 m Demokratyczna Republika Konga
45%
18 Hkakabo Razi 5881 m Mjanma
43%
Nie znaleziono quizów pasujących do podanych kryteriów
Rozkład punktacji
Procent ludzi z każdym wynikiem
Percentyl według liczby udzielonych odpowiedzi
Twoja historia wyników
Nie rozwiązałeś tego quizu